00882nas a2200229Ia 4500001001200000003001000012008004100022040002500063041001300088100001300101210002900114222002900143245008200172250001100254260000900265501012300274300002500397362002500422500015200447650002500599700002800624te16-32564 IT-MiCISF161014c99999999xx |||||||||||| ||und|| aIT-MiCISFcIT-MiCISF aITALIANO aLandi F. aGiornale di gerontologia aGiornale di gerontologia 0a45° congresso nazionale della Società italiana di gerontologia e geriatria a1a ed. c2000 bCISF - Centro Internazionale Studi Famiglia - Via Giotto, 36 20145 MILANO (non commercial uses only)cCopyright 2016 app. 545-677; 679-803 a n. 9 e n. 10 [2000] aFerrucci L., Lauretani F., Bandinelli S., Di Iorio A., Benvenuti E., et al. Tema: anziani, malattia, geriatria, malato-oncologico, malattie-mentali aterza etàvdossier a Carbonin P.U. (et al.)